| 000 | 00441pab a2200169 454500 | ||
|---|---|---|---|
| 008 | 180718b2007 xxu||||| |||| 00| 0 eng d | ||
| 100 | _aRao, Chapalamadugu Sambasiva | ||
| 245 | _aEquity vs efficiency in telecom spectrum management in India | ||
| 260 | _c2007 | ||
| 300 | _ap.321-35. | ||
| 362 | _aJul-Sep | ||
| 650 | _aTelecommunications - India | ||
| 650 | _aTelecommunications | ||
| 773 | _aMargin | ||
| 908 | _aN | ||
| 909 | _a76749 | ||
| 999 |
_c76749 _d76749 |
||